Géographie urbaine (notice n° 1925182)
[ vue normale ]
| 000 -LEADER | |
|---|---|
| fixed length control field | 01141cam a2200133 4500500 |
| 005 - DATE AND TIME OF LATEST TRANSACTION | |
| control field | 20260329023150.0 |
| 041 ## - LANGUAGE CODE | |
| Language code of text/sound track or separate title | fre |
| 042 ## - AUTHENTICATION CODE | |
| Authentication code | dc |
| 100 10 - MAIN ENTRY--PERSONAL NAME | |
| Personal name | Paulet, Jean-Pierre |
| Relator term | author |
| 245 00 - TITLE STATEMENT | |
| Title | Géographie urbaine |
| 260 ## - PUBLICATION, DISTRIBUTION, ETC. | |
| Name of publisher, distributor, etc. | Armand Colin,<br/> |
| Date of publication, distribution, etc. | 2009.<br/> |
| 520 ## - SUMMARY, ETC. | |
| Summary, etc. | 10 % d’urbains en 1900, 50% en 2000… 60 % en 2030. C’est bien dans les villes que se jouent désormais les équilibres sociaux et les choix politiques de la majorité. Consommant l’espace et les ressources naturelles, la ville est le lieu des pollutions majeures qui dégradent les milieux voisins. Mais les villes sont pourtant des espaces de progrès et d’innovation. Pôles de décision, elles structurent l’espace. - Va-t-on vers une urbanisation généralisée, universelle, éclatée ? - Quels déséquilibres des richesses pour les villes de demain ? - Les villes « durables » sont-elles possibles ? - Comment concilier protection de l’environnement, essor démographique, développement du bien-être et dynamisme économique ? |
| 856 41 - ELECTRONIC LOCATION AND ACCESS | |
| Uniform Resource Identifier | <a href="https://shs.cairn.info/geographie-urbaine--9782200355722?lang=fr&redirect-ssocas=7080">https://shs.cairn.info/geographie-urbaine--9782200355722?lang=fr&redirect-ssocas=7080</a> |
Pas d'exemplaire disponible.




Réseaux sociaux